| 000 | 00443nam a2200169 a 4500 | ||
|---|---|---|---|
| 001 | 0000-8633 | ||
| 003 | ELIB.Books | ||
| 008 | 110520 1817 | ||
| 035 | _a(ELIB.Books)0000-8779 | ||
| 082 |
_a220.9 _bGra |
||
| 100 | _aGrailam, Margapet A. | ||
| 245 | _aThe Wonder of Miracles | ||
| 260 |
_bSan Francisco: Harper and Row Publishers _c1817 |
||
| 650 | _aBible - Story | ||
| 942 |
_2ddc _cBK |
||
| 998 |
_cbat _e2011-05-20 |
||
| 999 |
_c8633 _d8633 |
||